000 00475nam a2200169Ia 4500
008 230718s9999 xx 000 0 und d
020 _a9780141014593
041 _aeng
082 _a153.4'4
_bGLA
100 _aGladwell M.
_9118163
245 _aBlink
_bThe Power Of Thinking Without Thinking
260 _c2006
_bPenguin Books
300 _a296
365 _cRs.
_b299.00
700 _aGladwell M.
_9118163
906 _dO:0100009-Aug-2010B:110110032222-Jul-2010
_cIT
_b59.8
999 _c325553
_d325553